Villes de France par mer - click quiz - Statistiques

Statistiques générales
  • Ce quiz a été pris 127 fois
  • Le résultat moyen est 14 sur 25
Statistiques - réponses
Hint Réponse % Correct
Marseille Mer Méditerranée
80%
La Rochelle Océan Atlantique
77%
Ajaccio Mer Méditerranée
75%
Toulon Mer Méditerranée
74%
Les Sables d'Olonne Océan Atlantique
74%
Biarritz Océan Atlantique
72%
Dunkerque Mer du Nord
65%
Agde Mer Méditerranée
62%
Saint-Nazaire Océan Atlantique
62%
Le Havre Manche
61%
Brest Océan Atlantique
59%
Saint-Malo Manche
57%
Saint-Denis Océan Indien
57%
Narbonne Mer Méditerranée
52%
Papeete Océan Pacifique
52%
Basse-Terre Mer des Caraïbes
51%
Saint-Brieuc Manche
48%
Fort-de-France Mer des Caraïbes
48%
Aix-en-Provence Pas côtière
41%
Dieppe Manche
39%
Gravelines Mer du Nord
36%
Cayenne Océan Atlantique
32%
Caen Pas côtière
30%
Boulogne Manche
26%
Bordeaux Pas côtière
23%
Aucun quiz correspondant
Distribution des résultats
% des personnes avec chaque résultat
Percentile par nombre de réponses
Votre historique - résultats
Vous n’avez pas pris ce quiz